000 00568nam a2200169 4500
001 109126
003 ES-MaACL
005 20230906184800.0
007 t|
008 061121s1913 sp r ||||1| spa d
100 1 _aMuch, Juan.
_984013
245 1 3 _aLa inmunidad antiinfecciosa y sus aplicaciones diagnósticas y terapéuticas /
_cJuan Much; traducción española por Francisco Tous Biaggi.
260 _aBarcelona :
_bManuel Marin,
_c1913.
300 _aVIII, 319 p., 5 lám. ;
_c26 cm.
700 1 _aTous Biaggi, Francisco.
_9111157
852 _aES-MaACL
_jE-1395
999 _c109126
_d109126